Inverted Country Flags: IV - Statistics

General Stats
  • This quiz has been taken 23 times
  • The average score is 10 of 14
Answer Stats
Picture Answer % Correct
Kazakhstan
95%
Singapore
90%
Kiribati
85%
Albania
80%
Tunisia
80%
Belgium
75%
Syria
75%
Montenegro
70%
Palau
70%
Dominica
65%
Peru
65%
Congo. Republic
60%
Djibouti
60%
Sao Tome and Principe
50%
No matching quizzes found
Score Distribution
Percent of People with Each Score
Percentile by Number Answered
Your Score History
You have not taken this quiz